A Textbook on professional ethics human values / (Record no. 591343)
[ view plain ]
| 000 -LEADER | |
|---|---|
| fixed length control field | 00333nam a22001217a 4500 |
| 040 ## - CATALOGING SOURCE | |
| Transcribing agency | NUST |
| 082 ## - DEWEY DECIMAL CLASSIFICATION NUMBER | |
| Classification number | 174.962,NAA |
| 100 ## - MAIN ENTRY--PERSONAL NAME | |
| Personal name | Naagarazan, R.S. |
| 9 (RLIN) | 98754 |
| 245 ## - TITLE STATEMENT | |
| Title | A Textbook on professional ethics human values / |
| Statement of responsibility, etc. | R.S. Naagarazan |
| 260 ## - PUBLICATION, DISTRIBUTION, ETC. | |
| Date of publication, distribution, etc. | 2016 |
| 650 ## - SUBJECT ADDED ENTRY--TOPICAL TERM | |
| Topical term or geographic name entry element | Ethics Human Values |
| 9 (RLIN) | 98755 |
| 942 ## - ADDED ENTRY ELEMENTS (KOHA) | |
| Source of classification or shelving scheme | |
| Koha item type | Book |
| Call number prefix | 174.962,NAA |
| Withdrawn status | Lost status | Source of classification or shelving scheme | Damaged status | Not for loan | Permanent Location | Current Location | Shelving location | Date acquired | Total Checkouts | Full call number | Barcode | Checked out | Date last seen | Date last checked out | Price effective from | Koha item type |
|---|---|---|---|---|---|---|---|---|---|---|---|---|---|---|---|---|
| Military College of Signals (MCS) | Military College of Signals (MCS) | General Stacks | 09/01/2022 | 1 | 174.962,NAA | MCS37971 | 12/30/2022 | 09/01/2022 | 09/01/2022 | 09/01/2022 | Book |
